| 000 | 00641nam a2200217Ia 4500 | ||
|---|---|---|---|
| 005 | 20241129104247.0 | ||
| 008 | 241129s9999||||xx |||||||||||||| ||und|| | ||
| 020 | _a9781032768182 | ||
| 037 | _aTextual | ||
| 040 |
_aRTL _beng _cRTL |
||
| 041 |
_aeng _2eng |
||
| 084 |
_aY592.2.N3 R4 _qRTL |
||
| 100 |
_aSukumar N.; D'Souza Paul _9725482 |
||
| 245 | 0 |
_aJourney of caste in India: Voices from margins _cSukumar N.; D'Souza Paul |
|
| 260 |
_aNew York _bRoutledge _c2024 |
||
| 300 | _axiv,207p. | ||
| 365 |
_aINR _bRs.1295.00 |
||
| 650 |
_aCaste- India _9582695 |
||
| 942 |
_cTB _hY592.2.N3 R4 |
||
| 999 |
_c1225107 _d1225107 |
||